[Event "Povolje_2014_open"]
[Site "Ulyanovsk"]
[Date "2014.08.30"]
[Round "8"]
[White "Mikeev, Valery"]
[Black "Logunova, Elizaveta"]
[Result "1-0"]
[WhiteElo "1784"]
[BlackElo "1709"]
[PlyCount "100"]
[EventDate "2014.08.26"]
[EventRounds "9"]
[EventCountry "RUS"]

1. e4 c6 2. d4 d5 3. Nc3 dxe4 4. Nxe4 Bf5 5. Ng3 Bg6 6. Nh3 Nf6 7. Nf4 e5 8.
Nxg6 hxg6 9. dxe5 Qa5+ 10. c3 Qxe5+ 11. Qe2 Nbd7 12. Qxe5+ Nxe5 13. Be2 O-O-O
14. Be3 Be7 15. Bxa7 Rhe8 16. Be3 Neg4 17. Bxg4+ Nxg4 18. Rd1 Rxd1+ 19. Kxd1
Nxe3+ 20. fxe3 Bc5 21. e4 Bf2 22. Rf1 Bxg3 23. hxg3 f6 24. Rf4 g5 25. Rf2 Rxe4
26. Re2 Rxe2 27. Kxe2 Kd7 28. Ke3 Ke6 29. c4 Ke5 30. b4 f5 31. Kd3 g4 32. a4 g5
33. a5 f4 34. b5 cxb5 35. cxb5 Kd5 36. a6 bxa6 37. bxa6 Kc6 38. a7 Kb7 39.
a8=Q+ Kxa8 40. Ke4 fxg3 41. Kf5 Kb7 42. Kxg5 Kc6 43. Kxg4 Kd5 44. Kxg3 Ke5 45.
Kg4 Ke6 46. Kg5 Kf7 47. Kh6 Kg8 48. g4 Kh8 49. g5 Kg8 50. Kg6 Kh8 1-0

[Event "Povolje_2014_open"]
[Site "Ulyanovsk"]
[Date "2014.08.31"]
[Round "9"]
[White "Mirzaev, Aziz"]
[Black "Chesalkin, Vladimir"]
[Result "1-0"]
[WhiteElo "2305"]
[BlackElo "2078"]
[PlyCount "87"]
[EventDate "2014.08.26"]
[EventRounds "9"]
[EventCountry "RUS"]

1. Nf3 Nf6 2. c4 c5 3. Nc3 e6 4. e4 d6 5. d4 cxd4 6. Nxd4 Be7 7. Be2 a6 8. O-O
Nbd7 9. Be3 Qc7 10. f4 b6 11. Rc1 Bb7 12. Bf3 O-O 13. b4 Rfe8 14. Nd5 Qb8 15.
Nxe7+ Rxe7 16. Qd3 Qc7 17. Rfd1 Rd8 18. Nb3 Ree8 19. Qxd6 Qxd6 20. Rxd6 Bxe4
21. Be2 e5 22. fxe5 Rxe5 23. Bxb6 Rde8 24. Bd4 Rg5 25. Bf1 h5 26. Nd2 Ne5 27.
Re1 h4 28. Rxf6 Bxg2 29. Rf4 Be4+ 30. Kf2 Nd3+ 31. Bxd3 Rg2+ 32. Kf1 Bxd3+ 33.
Kxg2 Rxe1 34. c5 g5 35. Rf6 Bb5 36. Nf3 Re2+ 37. Bf2 Kg7 38. Rb6 h3+ 39. Kg3 g4
40. Nd4 Rd2 41. Nxb5 f5 42. Nd4 Rd3+ 43. Kf4 g3 44. Nxf5+ 1-0

[Event "Povolje_2014_open"]
[Site "Ulyanovsk"]
[Date "2014.08.31"]
[Round "9"]
[White "Abdulyazanov, Malik"]
[Black "Parfenov, Vladimir"]
[Result "1-0"]
[WhiteElo "2323"]
[BlackElo "1999"]
[PlyCount "93"]
[EventDate "2014.08.26"]
[EventRounds "9"]
[EventCountry "RUS"]

1. e4 e5 2. Nf3 Nc6 3. Bb5 f5 4. Nc3 Nf6 5. exf5 e4 6. Nh4 Be7 7. d3 Nd4 8. Ba4
b5 9. Bxb5 Bb7 10. dxe4 Nxb5 11. Nxb5 O-O 12. O-O Nxe4 13. Nf3 Rxf5 14. Nbd4
Rf8 15. Be3 c5 16. Nb3 d5 17. c3 Qc7 18. Nbd2 Nf6 19. Re1 Bd6 20. h3 Qc6 21.
Qb3 Kh8 22. a4 Rab8 23. Qb5 Qc7 24. Qd3 a5 25. b3 Rbd8 26. Bg5 Rd7 27. Bxf6
gxf6 28. Re6 Rg7 29. Nh4 Rfg8 30. Ndf3 Be5 31. Re1 c4 32. bxc4 dxc4 33. Qe3
Bxf3 34. Qxf3 Qd7 35. Rc6 Bxc3 36. Rc1 Be5 37. R6xc4 Qd2 38. Rc8 Qg5 39. R1c4
Bd6 40. Rxg8+ Rxg8 41. g3 Qe5 42. Nf5 Bc5 43. Kg2 Bb4 44. Nh6 Rf8 45. Rc8 Qe6
46. Rc6 Qe5 47. Ng4 1-0

[Event "Povolje_2014_open"]
[Site "Ulyanovsk"]
[Date "2014.08.31"]
[Round "9"]
[White "Pavlov, Anatoly F"]
[Black "Pirogov, Vyatchslav"]
[Result "0-1"]
[WhiteElo "2066"]
[BlackElo "2339"]
[PlyCount "78"]
[EventDate "2014.08.26"]
[EventRounds "9"]
[EventCountry "RUS"]

1. d4 Nf6 2. g3 c5 3. c4 cxd4 4. Qxd4 Nc6 5. Qd1 e5 6. Bg2 Bc5 7. Nc3 O-O 8. e3
d6 9. Nge2 Bg4 10. O-O Qc8 11. a3 a5 12. Nd5 Nxd5 13. Bxd5 Kh8 14. Qc2 f5 15.
Bg2 Qe8 16. h3 Bh5 17. Kh2 a4 18. Nc3 e4 19. Nd5 Qf7 20. Nf4 Bf3 21. b4 axb3
22. Qxb3 Ne5 23. Rb1 b6 24. Bb2 Nxc4 25. Bxf3 exf3 26. Qd1 Bxa3 27. Bxa3 Rxa3
28. Rb4 Ra2 29. Kg1 Nd2 30. Re1 Ne4 31. Rf1 Nd2 32. Re1 g5 33. Nd3 Qh5 34. Kh2
Ne4 35. Rf1 Rf6 36. Kg1 Nxg3 37. h4 Ne2+ 38. Kh2 f4 39. Nxf4 gxf4 0-1

[Event "Povolje_2014_open"]
[Site "Ulyanovsk"]
[Date "2014.08.31"]
[Round "9"]
[White "Sazonov, Anatoliy"]
[Black "Shuklin, Nikolay"]
[Result "0-1"]
[WhiteElo "1889"]
[BlackElo "2113"]
[PlyCount "108"]
[EventDate "2014.08.26"]
[EventRounds "9"]
[EventCountry "RUS"]

1. b3 d6 2. Bb2 e5 3. c4 g6 4. f4 Nd7 5. Nf3 Bg7 6. e4 Qe7 7. d3 Ngf6 8. fxe5
dxe5 9. Ba3 Nc5 10. Qd2 O-O 11. Qe3 Nfd7 12. Be2 Re8 13. O-O Bf8 14. Nc3 Qd8
15. Bb2 c6 16. Rf2 Ne6 17. Qd2 Bc5 18. Na4 Bxf2+ 19. Kxf2 f6 20. Kg1 Ndc5 21.
Nc3 a5 22. Rf1 Nf4 23. Ne1 Kg7 24. Rxf4 exf4 25. Qxf4 Ne6 26. Qg3 Qd4+ 27. Kh1
Qe5 28. Qf2 Qc5 29. Qg3 Qg5 30. Qf2 Qd2 31. Na4 Nf4 32. Qh4 Rf8 33. Bf1 Be6 34.
Bc3 Qe3 35. Nc2 Qc1 36. Ne1 Rae8 37. Qf2 g5 38. g3 Nh3 39. Qe2 b5 40. Bb2 Bg4
41. Bxc1 Bxe2 42. Bxe2 bxa4 43. Kg2 axb3 44. axb3 g4 45. Bxg4 Ng5 46. Bd7 Rb8
47. Bd2 Rxb3 48. Kf1 a4 49. h4 Nf7 50. Be3 a3 51. Bd4 Ne5 52. Be6 Re8 53. Bf5
Rb1 54. Ke2 Rxe1+ 0-1

[Event "Povolje_2014_open"]
[Site "Ulyanovsk"]
[Date "2014.08.31"]
[Round "9"]
[White "Kolosov, Anatoly"]
[Black "Saveliev, Dmitri"]
[Result "0-1"]
[WhiteElo "1900"]
[BlackElo "2102"]
[PlyCount "94"]
[EventDate "2014.08.26"]
[EventRounds "9"]
[EventCountry "RUS"]

1. e4 c6 2. d4 d5 3. exd5 cxd5 4. Nf3 Nc6 5. Be2 Bg4 6. c3 e6 7. O-O Bd6 8. Re1
Nge7 9. Nbd2 Qc7 10. Nf1 Rb8 11. Bg5 b5 12. a3 a5 13. Bxe7 Bxe7 14. Ne5 Bxe2
15. Qxe2 Nxe5 16. dxe5 Qc4 17. Nd2 Qxe2 18. Rxe2 Bc5 19. Nb3 Bb6 20. Rc1 Kd7
21. Nd4 Ba7 22. Kf1 Rhc8 23. Rec2 Rc4 24. b3 Rc7 25. Ke2 f6 26. f4 a4 27. b4
Rc4 28. Kd3 g5 29. exf6 gxf4 30. Re1 Bxd4 31. cxd4 Rxc2 32. Kxc2 Rf8 33. Rf1
Rxf6 34. g3 Rh6 35. Rf2 fxg3 36. hxg3 Kd6 37. Kd3 Rh3 38. Rg2 Rh1 39. Rc2 Rg1
40. Rc5 Rxg3+ 41. Kd2 Rxa3 42. Rxb5 Rh3 43. Rb6+ Kd7 44. b5 a3 45. Rb7+ Kc8 46.
Ra7 a2 47. Kc2 Rh1 0-1

[Event "Povolje_2014_open"]
[Site "Ulyanovsk"]
[Date "2014.08.31"]
[Round "9"]
[White "Beldyugin, Alexey"]
[Black "Nikonova, Irina"]
[Result "1-0"]
[WhiteElo "2070"]
[BlackElo "1892"]
[PlyCount "139"]
[EventDate "2014.08.26"]
[EventRounds "9"]
[EventCountry "RUS"]

1. d4 Nf6 2. Nf3 e6 3. g3 b6 4. Bg2 Bb7 5. O-O Be7 6. c4 O-O 7. Nc3 Ne4 8. Qc2
Nxc3 9. Qxc3 f5 10. d5 Bf6 11. Qd3 Na6 12. Rd1 Nc5 13. Qc2 Qe7 14. Rb1 a5 15.
b3 Ne4 16. Bb2 Bxb2 17. Qxb2 exd5 18. cxd5 Qc5 19. e3 Qc3 20. Ne5 Rfe8 21. Bxe4
Qxe5 22. Bg2 Rac8 23. Rd4 c5 24. dxc6 Bxc6 25. Qd2 Rc7 26. Rd1 h6 27. Rd6 Kh8
28. Qd4 Qxd4 29. R1xd4 b5 30. a4 bxa4 31. bxa4 Rb8 32. Bxc6 Rb1+ 33. Rd1 Rxd1+
34. Rxd1 dxc6 35. Rd8+ Kh7 36. Ra8 c5 37. Rxa5 c4 38. Rb5 c3 39. Rb1 c2 40. Rc1
Kg6 41. a5 Kf6 42. a6 g5 43. Kg2 Ke5 44. a7 Rxa7 45. Rxc2 Ra6 46. Rc8 Kf6 47.
h3 g4 48. Rf8+ Kg6 49. hxg4 fxg4 50. Rf4 h5 51. Kf1 Ra1+ 52. Kg2 Re1 53. e4 Kg7
54. Rf5 Kg6 55. Re5 Kh6 56. Re6+ Kg7 57. f4 gxf3+ 58. Kxf3 Rf1+ 59. Ke3 h4 60.
gxh4 Rh1 61. Kd4 Rxh4 62. Kd5 Kf7 63. Ra6 Ke7 64. e5 Kd7 65. Ra7+ Ke8 66. Kd6
Rb4 67. Ra8+ Kf7 68. e6+ Kf6 69. Rf8+ Kg7 70. e7 1-0

[Event "Povolje_2014_open"]
[Site "Ulyanovsk"]
[Date "2014.08.31"]
[Round "9"]
[White "Poletaev, Vitaly"]
[Black "Ivanov, Nikolay A"]
[Result "1/2-1/2"]
[WhiteElo "1948"]
[BlackElo "1944"]
[PlyCount "141"]
[EventDate "2014.08.26"]
[EventRounds "9"]
[EventCountry "RUS"]

1. b3 d5 2. Bb2 Nf6 3. g3 c5 4. Bg2 Nc6 5. Nf3 e6 6. d3 Be7 7. Nbd2 b6 8. c4
O-O 9. O-O Bb7 10. cxd5 Nxd5 11. Ne4 Rc8 12. h4 Nf6 13. Neg5 h6 14. Nh3 Rc7 15.
Rc1 Rd7 16. Nf4 Qb8 17. Bh3 Rd6 18. a3 Nd5 19. Ng2 Bf6 20. Qc2 Bxb2 21. Qxb2
Rdd8 22. Rc4 Nf6 23. Nf4 e5 24. Ng2 Ba6 25. Rcc1 Nd4 26. Nxd4 cxd4 27. Rc6 Bb7
28. Rxf6 gxf6 29. Qd2 Kg7 30. f4 e4 31. Ne1 e3 32. Qb4 Qd6 33. Qa4 Qc6 34. Qxc6
Bxc6 35. Nc2 a5 36. Rc1 Bd7 37. Bxd7 Rxd7 38. Ne1 Rb8 39. Nf3 b5 40. Rc5 Rbb7
41. Kg2 Kf8 42. g4 Ke7 43. Rh5 b4 44. Rxa5 bxa3 45. Rxa3 Rb4 46. h5 Rdb7 47.
Nh4 Rxb3 48. Rxb3 Rxb3 49. Nf5+ Kf8 50. Nxd4 Rb4 51. Nf5 Rxf4 52. Nxe3 Kg7 53.
Kg3 Ra4 54. Kf3 Kh7 55. Nf5 Ra3 56. Kf4 Ra2 57. e4 Ra1 58. Ng3 Rd1 59. Ke3 Rg1
60. Ne2 Rxg4 61. d4 Kg8 62. d5 Kf8 63. Nd4 Rg5 64. d6 Ke8 65. Nf5 Kd7 66. Nxh6
Rxh5 67. Nf5 Rxf5 68. exf5 Kxd6 69. Kd4 Kc6 70. Kc4 Kd6 71. Kd4 1/2-1/2

[Event "Povolje_2014_open"]
[Site "Ulyanovsk"]
[Date "2014.08.31"]
[Round "9"]
[White "Usachev, Andrey"]
[Black "Pisarenko, Oleg"]
[Result "1/2-1/2"]
[WhiteElo "1900"]
[BlackElo "1997"]
[PlyCount "42"]
[EventDate "2014.08.26"]
[EventRounds "9"]
[EventCountry "RUS"]

1. e4 c6 2. d4 d5 3. e5 Bf5 4. Bd3 Bxd3 5. Qxd3 e6 6. Ne2 c5 7. c3 cxd4 8. cxd4
Bb4+ 9. Nbc3 Nc6 10. O-O Bxc3 11. bxc3 Nge7 12. Qg3 O-O 13. Rb1 Na5 14. Bg5 Qd7
15. Bxe7 Qxe7 16. Nf4 h6 17. Nh5 Qg5 18. Qxg5 hxg5 19. f4 gxf4 20. Nxf4 b6 21.
Rbd1 Rac8 1/2-1/2

[Event "Povolje_2014_open"]
[Site "Ulyanovsk"]
[Date "2014.08.31"]
[Round "9"]
[White "Dobrocmyslov, Artem"]
[Black "Nikitin, Dmitry"]
[Result "1-0"]
[WhiteElo "1983"]
[BlackElo "1833"]
[PlyCount "57"]
[EventDate "2014.08.26"]
[EventRounds "9"]
[EventCountry "RUS"]

1. d4 Nf6 2. c4 e6 3. Nf3 Bb4+ 4. Bd2 Bxd2+ 5. Qxd2 b6 6. Nc3 Bb7 7. g3 d6 8.
Bg2 Ne4 9. Nxe4 Bxe4 10. O-O Nd7 11. d5 e5 12. Nxe5 Nxe5 13. Bxe4 Qd7 14. Qc2
g6 15. f4 Ng4 16. Qc3 O-O-O 17. b4 Rde8 18. c5 dxc5 19. bxc5 f5 20. Bf3 h5 21.
Rab1 h4 22. cxb6 axb6 23. Rxb6 hxg3 24. d6 gxh2+ 25. Kh1 Rh7 26. Qa5 Qg7 27.
Rb8+ Kd7 28. Qxc7+ Ke6 29. Rxe8+ 1-0

[Event "Povolje_2014_open"]
[Site "Ulyanovsk"]
[Date "2014.08.31"]
[Round "9"]
[White "Seyfutdinov, Rustam"]
[Black "Golubchikov, Alexey"]
[Result "1-0"]
[WhiteElo "1955"]
[BlackElo "1774"]
[PlyCount "67"]
[EventDate "2014.08.26"]
[EventRounds "9"]
[EventCountry "RUS"]

1. d4 d5 2. Bg5 c6 3. Nf3 Bf5 4. e3 Nd7 5. Bd3 Bxd3 6. Qxd3 Qb6 7. b3 e6 8. O-O
f5 9. c4 Ngf6 10. Nbd2 Be7 11. a3 Ne4 12. Bxe7 Kxe7 13. b4 g5 14. cxd5 exd5 15.
Nb3 Rag8 16. Nc5 Ndxc5 17. dxc5 Qc7 18. Nd4 Qd7 19. f3 Nf6 20. Qxf5 Qxf5 21.
Nxf5+ Kd7 22. Nd6 Rg7 23. Nxb7 Rhg8 24. g4 Ne8 25. Na5 Rf8 26. Nb3 Rgf7 27. Nd4
Ng7 28. Kg2 Ne6 29. Rad1 Nxd4 30. Rxd4 Re7 31. e4 Rf4 32. Rfd1 Re5 33. exd5
Re2+ 34. Kg3 1-0

[Event "Povolje_2014_open"]
[Site "Ulyanovsk"]
[Date "2014.08.31"]
[Round "9"]
[White "Chugunov, Vyacheslav"]
[Black "Schankin, Sergei"]
[Result "0-1"]
[WhiteElo "1936"]
[BlackElo "1816"]
[PlyCount "104"]
[EventDate "2014.08.26"]
[EventRounds "9"]
[EventCountry "RUS"]

1. Nf3 Nf6 2. c4 c5 3. g3 g6 4. Bg2 Bg7 5. Nc3 Nc6 6. e3 e6 7. d4 cxd4 8. exd4
d5 9. Ne5 O-O 10. O-O Nd7 11. cxd5 exd5 12. Nf3 Nb6 13. Bg5 f6 14. Bf4 Bg4 15.
h3 Be6 16. Nb5 Bf7 17. Bd6 Re8 18. Bc5 Nc4 19. b3 b6 20. bxc4 bxc5 21. dxc5 Bf8
22. Nfd4 Rc8 23. Nxc6 Rxc6 24. cxd5 Rxc5 25. Nxa7 Bxd5 26. Bxd5+ Qxd5 27. Qxd5+
Rxd5 28. a4 Bc5 29. Nb5 Rd2 30. Rac1 Bd4 31. Rc4 Bb6 32. Rc6 Bd4 33. Rd6 Bc3
34. Rd1 Rxd6 35. Rxd6 Re1+ 36. Kg2 Bb4 37. Rxf6 Ra1 38. Ra6 Ra2 39. Ra7 Bc5 40.
Ra8+ Kg7 41. g4 Rxf2+ 42. Kg3 Ra2 43. Kf4 Rh2 44. Rc8 Bb4 45. Rc7+ Kg8 46. Rc4
Be1 47. Re4 Bd2+ 48. Kg3 Rh1 49. Re2 Ba5 50. Ra2 g5 51. Nd4 Bc7+ 52. Kf2 Rh2+
0-1

[Event "Povolje_2014_open"]
[Site "Ulyanovsk"]
[Date "2014.08.31"]
[Round "9"]
[White "Anikin, Victor"]
[Black "Sounov, Batyr"]
[Result "0-1"]
[WhiteElo "1773"]
[BlackElo "1917"]
[PlyCount "66"]
[EventDate "2014.08.26"]
[EventRounds "9"]
[EventCountry "RUS"]

1. b3 e5 2. e3 g6 3. a4 Bg7 4. Be2 Ne7 5. c3 O-O 6. d3 d5 7. Nd2 c5 8. Ba3 b6
9. f3 Nf5 10. Nf1 Qg5 11. Kf2 Bh6 12. Bc1 Qf6 13. e4 Bxc1 14. Qxc1 dxe4 15.
dxe4 Nd6 16. Qc2 Bb7 17. Bd3 Nd7 18. Ne3 Rfd8 19. Nd5 Bxd5 20. exd5 c4 21. bxc4
Nc5 22. g3 e4 23. Be2 Re8 24. Kg2 exf3+ 25. Nxf3 Re3 26. Nd4 Rae8 27. Rhf1 Qe5
28. a5 Nce4 29. axb6 axb6 30. Bd3 Nxc3 31. Rf4 Nce4 32. Nb3 Nc5 33. Rd1 Nxd3
0-1

[Event "Povolje_2014_open"]
[Site "Ulyanovsk"]
[Date "2014.08.31"]
[Round "9"]
[White "Parshakov, Vladimir"]
[Black "Breskanu, Nikita"]
[Result "0-1"]
[WhiteElo "1909"]
[BlackElo "1636"]
[PlyCount "100"]
[EventDate "2014.08.26"]
[EventRounds "9"]
[EventCountry "RUS"]

1. e4 c6 2. d4 d5 3. exd5 cxd5 4. c4 Nf6 5. Nc3 Nc6 6. cxd5 Nxd5 7. Nf3 Bf5 8.
Bd3 Bxd3 9. Qxd3 Ndb4 10. Qe2 e6 11. O-O Be7 12. a3 Nd5 13. Ne4 O-O 14. Qd3 h6
15. Bd2 Nf6 16. Rfd1 Qd7 17. Bc3 Rfd8 18. h3 Nxe4 19. Qxe4 Qd5 20. Qg4 Bf6 21.
Rd2 b5 22. Ne5 Bxe5 23. dxe5 Qc4 24. Rad1 Qxg4 25. hxg4 Rxd2 26. Rxd2 Rd8 27.
Rxd8+ Nxd8 28. f4 Kf8 29. Kf2 Ke7 30. Bb4+ Ke8 31. Ke3 Nc6 32. Bd6 g6 33. Ke4
Kd7 34. f5 gxf5+ 35. gxf5 f6 36. g4 fxe5 37. Bxe5 exf5+ 38. Kxf5 Nxe5 39. Kxe5
Ke7 40. b3 Kf7 41. Kf5 Kg7 42. Kf4 Kg6 43. Kf3 Kg5 44. Kg3 Kf6 45. Kg2 Ke5 46.
Kg3 Ke4 47. Kh4 Kf4 48. b4 a6 49. Kh3 Kf3 50. Kh4 Kg2 0-1

[Event "Povolje_2014_open"]
[Site "Ulyanovsk"]
[Date "2014.08.31"]
[Round "9"]
[White "Sinicin, Vladimir"]
[Black "Goncharov, Evgeniy"]
[Result "1/2-1/2"]
[WhiteElo "1686"]
[BlackElo "1717"]
[PlyCount "129"]
[EventDate "2014.08.26"]
[EventRounds "9"]
[EventCountry "RUS"]

1. e4 c6 2. d4 d5 3. e5 c5 4. c3 cxd4 5. cxd4 Nc6 6. Bb5 e6 7. Nf3 Bb4+ 8. Nc3
Nge7 9. O-O O-O 10. Bg5 h6 11. Bh4 Qb6 12. Bxe7 Bxe7 13. a3 a6 14. Bxc6 bxc6
15. b4 a5 16. bxa5 Rxa5 17. a4 Ba6 18. Rb1 Qa7 19. Re1 c5 20. Nd2 cxd4 21. Nb3
dxc3 22. Nxa5 Bc5 23. Qf3 Rc8 24. Nb3 Ba3 25. Qe3 Qxe3 26. fxe3 c2 27. Rbc1 Rc3
28. Nd4 Bxc1 29. Rxc1 Ra3 30. Rxc2 Rxa4 31. Kf2 Ra1 32. Rb2 Rf1+ 33. Kg3 Bd3
34. Rb8+ Kh7 35. Rb2 g5 36. Rf2 Kg6 37. Rxf1 Bxf1 38. Kf2 Bd3 39. Kg3 h5 40.
Kf2 Bf5 41. Kg3 f6 42. exf6 h4+ 43. Kf2 Kxf6 44. g3 hxg3+ 45. hxg3 e5 46. Nf3
g4 47. Nd2 Bd3 48. Nb3 Bc2 49. Nd2 Ke6 50. Nf1 Kd6 51. Ke1 Kc5 52. Kd2 Bf5 53.
Kc3 d4+ 54. exd4+ exd4+ 55. Kd2 Kd5 56. Ke2 Kc4 57. Kd2 Bd3 58. Nh2 Bf5 59. Nf1
Be6 60. Nh2 Kd5 61. Ke2 Ke4 62. Kd2 Bf5 63. Ke2 Kd5 64. Kd2 Kc4 65. Nf1 1/2-1/2

[Event "Povolje_2014_open"]
[Site "Ulyanovsk"]
[Date "2014.08.31"]
[Round "9"]
[White "Pegov, Valery"]
[Black "Mikeev, Valery"]
[Result "1-0"]
[WhiteElo "1669"]
[BlackElo "1784"]
[PlyCount "36"]
[EventDate "2014.08.26"]
[EventRounds "9"]
[EventCountry "RUS"]

1. e4 e5 2. Nf3 Nc6 3. Bc4 Bc5 4. c3 Nf6 5. d4 exd4 6. cxd4 Bb4+ 7. Nc3 Nxe4 8.
O-O Bxc3 9. bxc3 O-O 10. d5 Na5 11. Bd3 Nd6 12. Bxh7+ Kxh7 13. Ng5+ Kg6 14. h4
f5 15. h5+ Kf6 16. Qd4+ Ke7 17. Qxg7+ Rf7 18. Re1+ Ne4 1-0

[Event "Povolje_2014_open"]
[Site "Ulyanovsk"]
[Date "2014.08.31"]
[Round "9"]
[White "Peruhin, Anatoliy"]
[Black "Abdurahmanov, Afer"]
[Result "1-0"]
[WhiteElo "1695"]
[BlackElo "1664"]
[PlyCount "91"]
[EventDate "2014.08.26"]
[EventRounds "9"]
[EventCountry "RUS"]

1. e4 e6 2. d4 d5 3. e5 h6 4. f4 Ne7 5. Nf3 a6 6. Bd3 Nbc6 7. c3 Nf5 8. O-O Nh4
9. b4 Nxf3+ 10. Rxf3 Ne7 11. a4 Nf5 12. g3 h5 13. Nd2 Be7 14. Nb3 g5 15. Bxf5
exf5 16. fxg5 Bxg5 17. h4 Bh6 18. Nc5 b6 19. Nd3 Be6 20. Bf4 Qe7 21. a5 Bxf4
22. Nxf4 b5 23. Re3 O-O-O 24. Nxh5 Rdg8 25. Nf6 Rg6 26. h5 Rg5 27. Ra2 f4 28.
Rd3 c6 29. Rh2 Bf5 30. Rf3 fxg3 31. Rh4 Be4 32. Rff4 Qe6 33. Qd2 Rf5 34. Qe3 g2
35. Qg3 Rxf4 36. Qxf4 Qe7 37. h6 Kb7 38. h7 c5 39. Nxe4 dxe4 40. Qxe4+ Kc7 41.
d5 Qg5 42. d6+ Kd7 43. Qb7+ Ke6 44. Qe7+ Qxe7 45. dxe7 Kxe7 46. Rh6 1-0

[Event "Povolje_2014_open"]
[Site "Ulyanovsk"]
[Date "2014.08.31"]
[Round "9"]
[White "Gorelov, Ivan"]
[Black "Logunov, Egor"]
[Result "1/2-1/2"]
[WhiteElo "1354"]
[BlackElo "1603"]
[PlyCount "56"]
[EventDate "2014.08.26"]
[EventRounds "9"]
[EventCountry "RUS"]

1. c4 e5 2. Nc3 Nf6 3. g3 Nc6 4. Bg2 Bc5 5. Nf3 d6 6. O-O O-O 7. d3 h6 8. a3 a5
9. Bd2 Be6 10. Ne1 Qd7 11. Nc2 Bh3 12. Qb1 Bxg2 13. Kxg2 Rfb8 14. b3 Qe8 15.
Qb2 Nd4 16. e3 Nxc2 17. Qxc2 Qd8 18. Qb2 d5 19. cxd5 Nxd5 20. e4 Nxc3 21. Bxc3
Bd4 22. Bxd4 Qxd4 23. Qxd4 exd4 24. Rfc1 c6 25. Rc4 Rd8 26. Rc5 a4 27. b4 g6
28. Rb1 Kf8 1/2-1/2